| 000 | 00626nam a2200193Ia 4500 | ||
|---|---|---|---|
| 003 | GCL | ||
| 008 | 140319s9999 xx 000 0 ara d | ||
| 040 |
_aGCL / _cGCL |
||
| 082 | 0 | 4 |
_a216 _bز ف |
| 100 | 1 | _aزينب عبدالعزيز | |
| 245 | 1 | 0 |
_aالفاتيكان والاسلام / _cزينب عبدالعزيز |
| 260 |
_aالقاهرة : _bالقدس للنشر والاعلان ، _c1995 |
||
| 300 |
_a266 ص ؛ _c24 سم |
||
| 490 |
_aسلسلة فضائح الحضارة الغربية _v2 |
||
| 650 | 0 | 4 | _aالاسلام |
| 650 | 0 | 4 | _aالفاتيكان |
| 650 | 0 | 4 | _aدفع المطاعن |
| 942 |
_2ddc _cBK |
||
| 999 |
_c38671 _d38671 |
||